Meat quality of Boer goat kids and Mutton Merino lambs 1. Commercial yields and chemical composition /
Сохранить в:
| Главный автор: | |
|---|---|
| Другие авторы: | , |
| Формат: | Статья |
| Язык: | English |
| Предметы: | |
| Метки: |
Добавить метку
Нет меток, Требуется 1-ая метка записи!
|
| Thư viện lưu trữ: | Thư viện Trường Đại học Đà Lạt |
|---|
| LEADER | 00928nam a2200313 4500 | ||
|---|---|---|---|
| 001 | DLU090070036 | ||
| 005 | ##20090525 | ||
| 040 | # | # | |a DLU |b eng |
| 041 | # | # | |a eng |
| 044 | # | # | |a UK |
| 100 | # | # | |a Sheridan, R. |
| 245 | # | # | |a Meat quality of Boer goat kids and Mutton Merino lambs 1. Commercial yields and chemical composition / |c R. Sheridan, L. C. Hoffman, A. V. Ferreira. |
| 653 | # | # | |a Carcass composition |
| 653 | # | # | |a Cholesterol |
| 653 | # | # | |a Goat meat |
| 653 | # | # | |a Lamb |
| 653 | # | # | |a Meat cuts |
| 700 | # | # | |a Ferreira, A. V. |
| 700 | # | # | |a Hoffman, L. C. |
| 773 | # | # | |t Animal Science |g Vol. 76, no. 1 (February 2003), p. 63-71 |
| 920 | # | # | |a Phòng Tạp chí -- Trung tâm Thông tin - Thư viện Trường Đại học Đà Lạt |
| 994 | # | # | |a DLU |
| 900 | # | # | |a True |
| 911 | # | # | |a Trương Bảo Trâm Anh |
| 925 | # | # | |a G |
| 926 | # | # | |a A |
| 927 | # | # | |a BB |
| 980 | # | # | |a Thư viện Trường Đại học Đà Lạt |